• 首页
  • 本馆介绍
  • 公告通知
  • 最新文献
  • 馆藏检索
  • 电子资源
  • 读者导购
  • 参考咨询
  • 我的图书馆
  • 登录
  • 详细信息显示
  • 放入我的书架
  • 预约/预借图书
  • 作者相关作品
  • 分类相关作品
  • 丛书相关作品
  • 出版社相关作品

书目信息

  • 表格格式
  • 工作单格式
  • 卡片格式
题名:
有机铝化合物
    
 
作者: 袁履冰 , 何仁 编著
分册:  
出版信息: 北京   人民教育出版社  1979
页数: 143页
开本: 19cm
丛书名:
单 册:
中图分类: O627.31
科图分类:
主题词: 有机铝化合物--高等学校--教学参考资料
电子资源:
ISBN:
000 00690nam0 2200241 45
001 0179000003
005 20060812174858.50
010    @dCNY0.35
091    @a13012.0415
100    @a19950726d1979 em y0chiy0121 ea
101 0  @achi
102    @aCN@b110000
105    @ay z 000yy
200 10 @a有机铝化合物@Ayou ji lv hua he wu@f袁履冰,何仁编著@Fyuan lu bing,he ren bian zhu
210    @a北京@c人民教育出版社@d1979
215    @a143页@d19cm
300    @a高等学校教学参考书
606    @a有机铝化合物@x高等学校@x教学参考资料
690    @aO627.31@v3
701  0 @a袁履冰@Ayuan lu bing@4编著
701  0 @a何仁@Ahe ren@4编著
801  0 @aCN@bTSSF@c20060812
905    @a10447@dO627.31@e3
    
    有机铝化合物/袁履冰,何仁编著.-北京:人民教育出版社,1979
    143页;19cm
    高等学校教学参考书
    
    ISBN :CNY0.35
    
●
相关链接 在E读中查询图书 在五车中查询图书 在当当中查询图书 在豆瓣中查询图书


正题名:有机铝化合物     索取号:O627.31/3         预约/预借

序号 登录号 条形码 馆藏地/架位号 状态 备注
1 0035151   000351817   密集书库/ [索取号:O627.31/3] 在馆    
2 0035152   202179114   密集书库/ [索取号:O627.31/3] 在馆    
3 0035153   000351826   密集书库/ [索取号:O627.31/3] 在馆    
4 0035154   202179070   密集书库/ [索取号:O627.31/3] 在馆    
5 0035155   202120668   第二样本阅览室/ [索取号:O627.31/3] 在馆    
6 0454326   204543262   密集书库/ [索取号:O627.31/3] 在馆    
7 0454327   204543271   密集书库/ [索取号:O627.31/3] 在馆    
8 0454328   204543280   密集书库/ [索取号:O627.31/3] 在馆    
9 0454329   204543299   密集书库/ [索取号:O627.31/3] 在馆    
唐山师范学院图书馆 欢迎您!
大连网信软件有限公司© 版权所有